Hai mươi năm sau Tập 1
.
Đã lưu trong:
| Tác giả chính: | |
|---|---|
| Tác giả khác: | |
| Định dạng: | Sách |
| Ngôn ngữ: | Vietnamese |
| Được phát hành: |
H.
Văn học
1987
|
| Những chủ đề: | |
| Các nhãn: |
Thêm thẻ
Không có thẻ, Là người đầu tiên thẻ bản ghi này!
|
| Thư viện lưu trữ: | Mạng thư viện Đại học Đà Nẵng |
|---|
| LEADER | 00862nam a2200337 4500 | ||
|---|---|---|---|
| 001 | 000004740 | ||
| 003 | 881 | ||
| 005 | 20110803150819.0 | ||
| 008 | 110803s1987 viesd | ||
| 020 | |c 15000 | ||
| 041 | 0 | |a vie | |
| 082 | |a 843 |b DUY | ||
| 100 | 0 | |a Đuyma.Alêchxăng | |
| 245 | 1 | 0 | |a Hai mươi năm sau |c Đuyma.Alêchxăng |n Tập 1 |
| 260 | |a H. |b Văn học |c 1987 | ||
| 300 | |a 410 tr. |c 21 cm | ||
| 520 | |a . | ||
| 653 | |a Văn học Pháp | ||
| 653 | |a Tiểu thuyết Pháp | ||
| 653 | |a Đuyma.Alêchxăng | ||
| 700 | |a Anh Vũ |e dịch | ||
| 773 | |t Hai mươi năm sau |w 878 | ||
| 910 | |a Thu Sương |d 3/8/2011 | ||
| OWN | |a LSP | ||
| 999 | |a From the UDN01 | ||
| TYP | |a Monograph | ||
| TYP | |a Printed language | ||
| 980 | |a Mạng thư viện Đại học Đà Nẵng | ||